| 000 | 00369nam a2200157Ia 4500 | ||
|---|---|---|---|
| 100 | _aRosenthal/M.P | ||
| 650 | _aElectrical Engineering | ||
| 490 | _vI | ||
| 942 | _cBK | ||
| 654 | _aHow To Select | ||
| 245 | _aHow To Select & Use Hi-Fi & Stero Equipments | ||
| 260 |
_bD.B. Tarapore vala _aBombay _c1969 |
||
| 082 | _a621.3 | ||
| 300 | _a114 | ||
| 546 | _aENGLISH | ||
| 999 |
_c33187 _d33187 |
||